| 000 | 00386nam a2200133Ia 4500 | ||
|---|---|---|---|
| 008 | 231129s2002||||xx |||||||||||||| ||spa|| | ||
| 040 | _bspa | ||
| 082 | _a986.1052 P298e | ||
| 100 | _aPatiño Rodríguez Víctor Manuel | ||
| 245 | 0 | _aEsbozo histórico agropecuario del período Republicano en Colombia | |
| 260 | _c2002 | ||
| 264 | _aInstituto Caro y Cuervo | ||
| 942 |
_2ddc _cBKS |
||
| 999 |
_c13307 _d13307 |
||